000 01063cam a2200241 i 4500
001 3202844
003 OSt
005 20131121170837.0
008 770816s1976 slv spa
040 _aDLC
_cBMC
_dDLC
082 _a972.840722
082 _a923.1 Francisco Menéndez
245 0 0 _aRecopilación de documentos históricos relativos a la administración del general Francisco Menéndez
_b: apéndice de "Repositorio" órgano del Archivo General de la Nación, Dependencia de la Administración de Bibliotecas y Archivos
_cdirector, Rodolfo Ramos Choto ; recopiló, María Leistenschneider
260 _aSan Salvador
_bArchivo General de la Nación
_c[1976?]
300 _a495 p.
_bil.
_c25 cm
594 _1Precede al tít.: Ministerio de Educación, Dirección de Cultura
600 1 4 _99581
_aMenéndez, Francisco
_d1830-1890
651 4 _aEl Salvador
_xHistoria
_xFuentes
_99422
700 1 _99082
_aLeistenschneider, María
700 1 _99584
_aRamos Choto, Rodolfo
710 2 _99826
_aArchivo General de la Nación (El Salvador)
942 _2ddc
_cBK
999 _c4285
_d4285